Normal view
MARC view
Entry Personal Name
001 - CONTROL NUMBER
- control field: 54328
003 - CONTROL NUMBER IDENTIFIER
- control field: MY-SjTCS
005 - DATE AND TIME OF LATEST TRANSACTION
- control field: 20191205134450.0
008 - FIXED-LENGTH DATA ELEMENTS
- fixed length control field: 111118nn a|a||abb| a a|a d
039 #9 -
- : 201111180833
- : pushpa
- : 201111180833
- : pushpa
040 ## - CATALOGING SOURCE
- Original cataloging agency: VRT
- Transcribing agency: VRT
100 1# - HEADING--PERSONAL NAME
- Personal name: Du Plessis, J. J.
400 1# - SEE FROM TRACING--PERSONAL NAME
- Personal name: Plessis, J. J. du
400 1# - SEE FROM TRACING--PERSONAL NAME
- Personal name: Du Plessis, Jean Jacques
400 1# - SEE FROM TRACING--PERSONAL NAME
- Personal name: Plessis, Jean J. du
- Fuller form of name: (Jean Jacques)
999 ## -
- : VIRTUA4 x